[Event "Budapest FS04 FM-B"]
[Site "Budapest"]
[Date "2014.04.15"]
[Round "10"]
[White "Benyeda, Tibor"]
[Black "Kidd, Balint"]
[Result "1/2-1/2"]
[WhiteElo "1630"]
[BlackElo "1483"]
[PlyCount "57"]
[EventDate "2014.04.05"]
[EventType "tourn"]
[EventRounds "10"]
[EventCountry "HUN"]
[SourceTitle "CBM 159 Extra"]
[Source "ChessBase"]
[SourceDate "2014.04.24"]
[SourceVersion "1"]
[SourceVersionDate "2014.04.24"]
[SourceQuality "1"]

1. Nf3 d5 2. g3 Nf6 3. Bg2 g6 4. 0-0 Bg7 5. d4 Na6 6. c3 c5 7. Bf4 Bf5 8. Qd2 cxd4 9. cxd4 Ne4 10. Qd1 Qb6 11. Nc3 Nxc3 12. bxc3 Be4 13. Ne1 Bxg2 14. Nxg2 0-0 15. Rb1 Qc6 16. Qb3 b6 17. Bd2 Nc7 18. e3 Rfc8 19. Rfc1 Qc4 20. Qc2 Na6 21. Ne1 e6 22. Qd3 Bf8 23. Rb3 Rab8 24. Qf1 Qxf1+ 25. Kxf1 Rc4 26. Nd3 f6 27. Nb2 Rc6 28. Nd3 Rc4 29. Nb2 1/2-1/2

[Event "Budapest FS04 FM-B"]
[Site "Budapest"]
[Date "2014.04.11"]
[Round "7"]
[White "Kidd, Balint"]
[Black "Szucs, Zoltan"]
[Result "1/2-1/2"]
[WhiteElo "1483"]
[BlackElo "1652"]
[PlyCount "37"]
[EventDate "2014.04.05"]
[EventType "tourn"]
[EventRounds "10"]
[EventCountry "HUN"]
[SourceTitle "CBM 159 Extra"]
[Source "ChessBase"]
[SourceDate "2014.04.24"]
[SourceVersion "1"]
[SourceVersionDate "2014.04.24"]
[SourceQuality "1"]

1. d4 Nf6 2. c4 g6 3. Nc3 Bg7 4. e4 d6 5. f3 0-0 6. Bg5 a5 7. Be2 Nbd7 8. Nh3 e5 9. d5 Nc5 10. Nf2 Qe8 11. h4 Nh5 12. g4 Nf4 13. Qd2 Ng2+ 14. Kf1 Nf4 15. h5 h6 16. Bxf4 exf4 17. Qxf4 g5 18. Qd2 Qe5 19. Kg2 1/2-1/2

[Event "Budapest FS04 FM-B"]
[Site "Budapest"]
[Date "2014.04.10"]
[Round "6"]
[White "Kidd, Balint"]
[Black "Oberfrank, Istvan1111"]
[Result "0-1"]
[WhiteElo "1483"]
[BlackElo "1768"]
[PlyCount "46"]
[EventDate "2014.04.05"]
[EventType "tourn"]
[EventRounds "10"]
[EventCountry "HUN"]
[SourceTitle "CBM 159 Extra"]
[Source "ChessBase"]
[SourceDate "2014.04.24"]
[SourceVersion "1"]
[SourceVersionDate "2014.04.24"]
[SourceQuality "1"]

1. d4 d5 2. c4 e6 3. Nc3 c5 4. cxd5 cxd4 5. dxe6 Bxe6 6. Ne4 Nc6 7. e3 f5 8. Ng3 Bb4+ 9. Bd2 dxe3 10. fxe3 Qb6 11. Qe2 Nf6 12. Nf3 0-0-0 13. a3 Bxd2+ 14. Nxd2 Qxb2 15. Rb1 Qxa3 16. Qf2 Ng4 17. Qf3 Qxe3+ 18. Qe2 Qxe2+ 19. Bxe2 Ne3 20. Bf3 Bd5 21. Bxd5 Rxd5 22. Nf3 Nxg2+ 23. Kf2 Nf4 0-1

[Event "Budapest FS04 FM-B"]
[Site "Budapest"]
[Date "2014.04.09"]
[Round "5"]
[White "Kidd, Balint"]
[Black "Benyeda, Tibor"]
[Result "0-1"]
[WhiteElo "1483"]
[BlackElo "1630"]
[PlyCount "96"]
[EventDate "2014.04.05"]
[EventType "tourn"]
[EventRounds "10"]
[EventCountry "HUN"]
[SourceTitle "CBM 159 Extra"]
[Source "ChessBase"]
[SourceDate "2014.04.24"]
[SourceVersion "1"]
[SourceVersionDate "2014.04.24"]
[SourceQuality "1"]

1. d4 d5 2. c4 e6 3. Nf3 Nf6 4. Nc3 Be7 5. Bf4 0-0 6. e3 c6 7. Be2 b6 8. Qc2 c5 9. Nb5 Na6 10. 0-0 Nb4 11. Qb3 a6 12. Nc3 dxc4 13. Bxc4 b5 14. Be2 c4 15. Qd1 Nbd5 16. Bg3 Bb7 17. Qc2 Nxc3 18. bxc3 Be4 19. Qb2 Qa5 20. Nd2 Ba3 21. Nxc4 bxc4 22. Qd2 Nd5 23. f3 Bd3 24. Bxd3 cxd3 25. Qxd3 Qxc3 26. Rfd1 Qxd3 27. Rxd3 Be7 28. e4 Nb4 29. Rb3 Rfc8 30. Rb2 Rc4 31. Rd1 Rd8 32. Rbd2 Rc2 33. Rxc2 Nxc2 34. Bf2 Nb4 35. a4 f5 36. Rb1 a5 37. Re1 Nd3 38. Rd1 Nxf2 39. Kxf2 fxe4 40. fxe4 Rb8 41. d5 exd5 42. exd5 Bd6 43. h3 Rb4 44. Rc1 Rd4 45. Rc8+ Kf7 46. Rh8 h6 47. Rc8 Rxd5 48. Rc4 g5 0-1

[Event "Budapest FS04 FM-B"]
[Site "Budapest"]
[Date "2014.04.07"]
[Round "3"]
[White "Kidd, Balint"]
[Black "Szlenka, Attila"]
[Result "0-1"]
[WhiteElo "1483"]
[BlackElo "1796"]
[PlyCount "58"]
[EventDate "2014.04.05"]
[EventType "tourn"]
[EventRounds "10"]
[EventCountry "HUN"]
[SourceTitle "CBM 159 Extra"]
[Source "ChessBase"]
[SourceDate "2014.04.24"]
[SourceVersion "1"]
[SourceVersionDate "2014.04.24"]
[SourceQuality "1"]

1. d4 Nf6 2. c4 g6 3. Nc3 Bg7 4. Nf3 0-0 5. Bg5 h6 6. Bf4 d6 7. e4 c5 8. Qd2 Kh7 9. Be2 cxd4 10. Nd5 e5 11. Nxf6+ Qxf6 12. Bg3 b6 13. h4 Kg8 14. Nh2 Qe7 15. Bd3 f5 16. f3 f4 17. Bf2 Be6 18. g3 Qf7 19. b3 Nd7 20. Bc2 a5 21. Rg1 Kh7 22. a4 fxg3 23. Bxg3 Nf6 24. 0-0-0 Nh5 25. Rdf1 Nxg3 26. Rxg3 Qf4 27. Qxf4 Rxf4 28. Rgg1 Bf7 29. h5 g5 0-1

[Event "Budapest FS04 FM-B"]
[Site "Budapest"]
[Date "2014.04.05"]
[Round "1"]
[White "Oberfrank, Istvan1111"]
[Black "Kidd, Balint"]
[Result "1-0"]
[WhiteElo "1768"]
[BlackElo "1483"]
[PlyCount "71"]
[EventDate "2014.04.05"]
[EventType "tourn"]
[EventRounds "10"]
[EventCountry "HUN"]
[SourceTitle "CBM 159 Extra"]
[Source "ChessBase"]
[SourceDate "2014.04.24"]
[SourceVersion "1"]
[SourceVersionDate "2014.04.24"]
[SourceQuality "1"]

1. e4 c5 2. Nf3 d6 3. d4 cxd4 4. Nxd4 Nf6 5. Nc3 g6 6. f3 Bg7 7. Nb3 Nc6 8. Qe2 Be6 9. Be3 0-0 10. 0-0-0 a5 11. Nc5 Qc8 12. N5a4 Nd7 13. Nd5 Bxd5 14. exd5 Nb4 15. a3 Na6 16. Nb6 Nxb6 17. Bxb6 Be5 18. Kb1 Nc5 19. Qb5 Qd7 20. Qxd7 Nxd7 21. Be3 Rac8 22. f4 Bg7 23. g4 Nc5 24. Bb5 Rfd8 25. f5 Be5 26. h4 Rf8 27. h5 Ne4 28. hxg6 fxg6 29. Bd7 Ng3 30. Bxc8 Nxh1 31. Be6+ Kh8 32. Rxh1 gxf5 33. gxf5 b5 34. Rh4 Rb8 35. c3 Bf6 36. Rg4 1-0

[Event "Budapest FS02 FM-B"]
[Site "Budapest"]
[Date "2014.02.11"]
[Round "11"]
[White "Kidd, Balint"]
[Black "Karacsonyi, Gellert"]
[Result "0-1"]
[WhiteElo "1462"]
[BlackElo "1797"]
[PlyCount "100"]
[EventDate "2014.02.01"]
[EventType "tourn"]
[EventRounds "11"]
[EventCountry "HUN"]
[SourceTitle "CBM 158 Extra"]
[Source "ChessBase"]
[SourceDate "2014.02.28"]
[SourceVersion "1"]
[SourceVersionDate "2014.02.28"]
[SourceQuality "1"]

1. d4 f5 2. c4 Nf6 3. Nc3 g6 4. Nf3 Bg7 5. Bf4 0-0 6. e3 d6 7. Qc2 Qe8 8. c5 Nh5 9. Nd5 Qd7 10. cxd6 cxd6 11. Nc7 Nxf4 12. exf4 Nc6 13. Nxa8 d5 14. Qc3 b6 15. Bb5 Bb7 16. Nxb6 axb6 17. Ne5 Qe6 18. Bxc6 Bxe5 19. fxe5 Rc8 20. 0-0 Rxc6 21. Qd3 Qc8 22. Qe3 g5 23. Rac1 f4 24. Rxc6 Qxc6 25. Qd3 Qc8 26. Qh3 Qc6 27. Qh5 h6 28. g3 Ba6 29. Re1 Qe6 30. gxf4 gxf4 31. Kh1 Bd3 32. f3 Kh7 33. Rg1 Be4 34. fxe4 dxe4 35. Qg4 Qf7 36. Rf1 e3 37. Qxf4 Qd5+ 38. Qf3 e2 39. Kg1 Qxf3 40. Rxf3 e1Q+ 41. Rf1 Qe3+ 42. Kh1 Qe4+ 43. Kg1 Qxd4+ 44. Kh1 Qxe5 45. b3 Qe2 46. Kg1 Qxa2 47. Rf7+ Kg6 48. Rxe7 Qxb3 49. Kg2 Qb2+ 50. Kf1 Qf6+ 0-1

[Event "Budapest FS02 FM-B"]
[Site "Budapest"]
[Date "2014.02.02"]
[Round "2"]
[White "Csiba, Tibor"]
[Black "Kidd, Balint"]
[Result "1/2-1/2"]
[WhiteElo "1554"]
[BlackElo "1462"]
[PlyCount "32"]
[EventDate "2014.02.01"]
[EventType "tourn"]
[EventRounds "11"]
[EventCountry "HUN"]
[SourceTitle "CBM 158 Extra"]
[Source "ChessBase"]
[SourceDate "2014.02.28"]
[SourceVersion "1"]
[SourceVersionDate "2014.02.28"]
[SourceQuality "1"]

1. d4 Nf6 2. c4 e5 3. dxe5 Ng4 4. Nf3 Bc5 5. e3 Nc6 6. Nbd2 Ngxe5 7. Nxe5 Nxe5 8. Nf3 Nc6 9. a3 a5 10. Bd3 d6 11. Bd2 Be6 12. Bc3 f6 13. Qc2 Qe7 14. 0-0 Bg4 15. Nd4 Ne5 16. Be4 c6 1/2-1/2

[Event "Budapest FS02 FM-B"]
[Site "Budapest"]
[Date "2014.02.01"]
[Round "1"]
[White "Kidd, Balint"]
[Black "Di Giovanni, Vilmos"]
[Result "0-1"]
[WhiteElo "1462"]
[BlackElo "1790"]
[PlyCount "36"]
[EventDate "2014.02.01"]
[EventType "tourn"]
[EventRounds "11"]
[EventCountry "HUN"]
[SourceTitle "CBM 158 Extra"]
[Source "ChessBase"]
[SourceDate "2014.02.28"]
[SourceVersion "1"]
[SourceVersionDate "2014.02.28"]
[SourceQuality "1"]

1. d4 d5 2. c4 e6 3. Nf3 c6 4. e3 f5 5. Nc3 Nf6 6. Bd3 Bd6 7. b3 0-0 8. Bd2 Ne4 9. 0-0 Rf6 10. Ne1 Bxh2+ 11. Kh1 Rh6 12. Nf3 Bd6+ 13. Kg1 Qe8 14. Re1 Qh5 15. Kf1 Qh1+ 16. Ke2 Qxg2 17. Bxe4 fxe4 18. Ng1 e5 0-1

[Event "Budapest Art Pub Cup 3rd"]
[Site "Budapest"]
[Date "2014.01.04"]
[Round "5"]
[White "Kidd, Balint"]
[Black "Kovacs, Bence"]
[Result "0-1"]
[WhiteElo "1431"]
[BlackElo "1865"]
[PlyCount "90"]
[EventDate "2014.01.02"]
[EventType "swiss"]
[EventRounds "7"]
[EventCountry "HUN"]
[SourceTitle "CBM 158 Extra"]
[Source "ChessBase"]
[SourceDate "2014.02.28"]
[SourceVersion "1"]
[SourceVersionDate "2014.02.28"]
[SourceQuality "1"]

1. e4 e5 2. Nf3 Nc6 3. Nc3 Bc5 4. Bc4 Nf6 5. d3 d6 6. h3 a6 7. Bg5 h6 8. Bh4 g5 9. Bg3 Qe7 10. Qd2 Be6 11. Bxe6 Qxe6 12. 0-0-0 0-0-0 13. Kb1 Bb4 14. Rhe1 Nd4 15. Qe3 Bxc3 16. bxc3 Nxf3 17. gxf3 Qxh3 18. d4 Qe6 19. d5 Qd7 20. Ka1 Qa4 21. Rb1 Nd7 22. Rb4 Qa5 23. Reb1 Nc5 24. Rc4 f6 25. Rcb4 h5 26. Rg1 h4 27. Bh2 Kb8 28. Rg2 Ka8 29. Rg1 c6 30. Rgb1 cxd5 31. exd5 Qc7 32. Qe2 Qd7 33. Qf1 Rhe8 34. Qe2 Re7 35. Rb6 Qh3 36. Bg1 Qg2 37. R6b4 f5 38. f4 gxf4 39. Rxf4 h3 40. Rh4 Qxd5 41. Rxh3 f4 42. Rh4 Qe4 43. Qd1 Qc4 44. Qd2 Ne4 45. Qd1 Nxc3 0-1

[Event "Budapest Art Pub Cup 2nd"]
[Site "Budapest"]
[Date "2013.08.10"]
[Round "3"]
[White "Marton, Denes"]
[Black "Kidd, Balint"]
[Result "1-0"]
[WhiteElo "1565"]
[BlackElo "1381"]
[PlyCount "69"]
[EventDate "2013.08.09"]
[EventType "swiss"]
[EventRounds "6"]
[EventCountry "HUN"]
[SourceTitle "CBM 156 Extra"]
[Source "ChessBase"]
[SourceDate "2013.10.22"]
[SourceVersion "1"]
[SourceVersionDate "2013.10.22"]
[SourceQuality "1"]

1. d4 Nf6 2. c4 e6 3. Nc3 d5 4. Bg5 Bb4 5. e3 h6 6. Bh4 0-0 7. Nf3 c6 8. Bd3 Nbd7 9. 0-0 Qa5 10. Ne2 Bd6 11. c5 Be7 12. Ne5 b6 13. Nxc6 Re8 14. Nxa5 bxa5 15. Nc3 Rb8 16. Rb1 Bd8 17. a3 e5 18. b4 e4 19. Be2 Bb7 20. Nb5 Be7 21. Bg3 Rbc8 22. Nxa7 Ra8 23. Nb5 Rac8 24. Nd6 Bxd6 25. Bxd6 Ra8 26. b5 Bc8 27. b6 Rb8 28. Bxb8 Nxb8 29. Qa4 Bd7 30. Bb5 Rc8 31. Rfc1 Nc6 32. b7 Rc7 33. Bxc6 Bxc6 34. b8Q+ Kh7 35. Qxa5 1-0